| 000 | 00431 a2200181 4500 | ||
|---|---|---|---|
| 003 | OSt | ||
| 005 | 20180116182834.0 | ||
| 008 | 160615b xxu||||| |||| 00| 0 eng d | ||
| 020 | _a0 | ||
| 040 | _c0 | ||
| 082 | _a658.3 MAI 2006 | ||
| 100 | _aNorman R F Maier | ||
| 245 |
_aPsychology in Industry _cNorman R F Maier |
||
| 250 | _a3rd | ||
| 260 |
_aIslamabad _c2006 |
||
| 300 |
_a718 p. _bHB |
||
| 942 |
_aNBS _cBK _k658.3 MAI _2ddc |
||
| 999 |
_c346992 _d346992 |
||